[Event "Pfarrkirchen Rottal op 2nd"]
[Site "Pfarrkirchen"]
[Date "2018.04.01"]
[Round "4"]
[White "Pfister, Michael"]
[Black "Decker, Werner"]
[Result "1/2-1/2"]
[WhiteElo "1638"]
[BlackElo "2258"]
[PlyCount "46"]
[EventDate "2018.03.30"]
[EventType "swiss"]
[EventRounds "7"]
[EventCountry "GER"]
[SourceTitle "CBM 183 Extra"]
[Source "ChessBase"]
[SourceDate "2018.04.19"]
[SourceVersion "1"]
[SourceVersionDate "2018.04.19"]
[SourceQuality "1"]

1. d4 d5 2. c4 e6 3. Nf3 Nf6 4. Nc3 Nc6 5. e3 Bb4 6. a3 Bxc3+ 7. bxc3 0-0 8. Bd3 dxc4 9. Bxc4 a6 10. 0-0 b5 11. Bd3 Bb7 12. e4 Ne7 13. Ne5 Ng6 14. Nxg6 hxg6 15. Bg5 Qd6 16. Bxf6 gxf6 17. Re1 Kg7 18. Qc1 Rh8 19. h3 Rh4 20. Re3 Rah8 21. Rf3 Bxe4 22. Bxe4 Rxe4 23. Qc2 Rg4 1/2-1/2